000 00306nam a22001337a 4500
008 170215b xxu||||| |||| 00| 0 eng d
020 _a9781607144823
041 _aeng
080 _23RD
_a61
100 _a4
101 _aSHM
245 _aMEDESSENTIALS FOR THE USMLE STEP 1
_cMANLEY, M.S
942 _2udc
_cBK
999 _c5547
_d5547